Les 20 plus grandes villes de l'Indre-et-Loire sur une carte - Statistiques

Statistiques générales
  • Ce quiz a été pris 87 fois
  • Le résultat moyen est 12 sur 20
Réponses sur la Carte
Les réponses sont colorées sur une échelle allant du rouge au vert en fonction du pourcentage des utilisateurs qui les ont devinées à leur premier essai. Vous pouvez retrouver ces pourcentages ci-dessous.
 
Statistiques - réponses
Population Initiale Ville % Correct
138 668 T Tours
100%
38 432 J Joué-lès-Tours
97%
8 121 C Chinon
87%
6 233 L Loches
85%
11 877 C Chambray-lès-Tours
83%
15 698 S Saint-Pierre-des-Corps
80%
13 132 A Amboise
77%
16 766 S Saint-Cyr-sur-Loire
77%
15 075 S Saint-Avertin
72%
10 349 (La) R La Riche
65%
11 261 M Montlouis-sur-Loire
52%
8 347 B Ballan-Miré
51%
10 917 F Fondettes
48%
8 031 M Monts
45%
5 340 B Bléré
44%
4 839 M Montbazon
41%
6 264 E Esvres
37%
6 734 V Veigné
37%
5 575 (La) V La Ville-aux-Dames
34%
5 081 L Luynes
32%
Aucun quiz correspondant
Distribution des résultats
% des personnes avec chaque résultat
Percentile par nombre de réponses
Votre historique - résultats
Vous n’avez pas pris ce quiz